=LDR 00000nam 2200000 4500 =001 INLIS000000000001764 =005 20130612090145 =008 ***********************************Ind** =035 ##$$0010-061300000001764 =041 ##$$a Ind =082 ##$$a 617.675 =090 ##$$a 617.675, Tar t =100 ##$$a Tarigan,Rasinta =245 ##$$a Tambalan inlay, Rasinta Tarigan =260 ##$$a 1993 $b Jakarta =300 ##$$a 80 hlm, ilus, 19 cm =650 ##$$a Gigi-Penambalan Dengan Logam =850 ##$$a NBPNMAT